000 00283nam a2200097Ia 4500
008 200302s9999 xx 000 0 und d
100 _aTheresa Genovese
245 _aThe Harvard Architecture Review 10 Civitas/ What is City ?
260 _bPrinceton Architectural Press
300 _a189 P.
999 _c4191
_d4191